Bimbingan akhlak mulia dan nilai-nilai murni

Bibliographic Details
Main Author: Mohd. Yusoff
Corporate Author: Title
Format: Book
Published: Kuala Lumpur : Jasmin Enterprise , 2000
Subjects:

MARC

LEADER 00000cam a2200000 7i4500
001 0000012192
005 20071207.0
008 071207
020 |a 9839045334 
090 0 0 |a 297.22   |b MOH 
100 0 |a Mohd. Yusoff 
245 1 0 |a Bimbingan akhlak mulia dan nilai-nilai murni   |c Mohd. Yusoff 
260 |a Kuala Lumpur :   |b Jasmin Enterprise ,   |c 2000 
650 0 |a Conduct of life   |x Fiction 
650 0 |a Malay fiction 
650 0 |a Success   |x Religious aspects   |x Islam 
710 0 |a Title 
999 |a 0001004682   |b Book   |c Adult Collection   |e Cawangan Urban Transformation Centre 
999 |a 0001004683   |b Book   |c Adult Collection   |e Perbadanan Perpustakaan Awam Johor 
999 |a 0001004684   |b Book   |c Adult Collection   |e Perbadanan Perpustakaan Awam Johor 
999 |a 0001009528   |b Book   |c Adult Collection   |e Perbadanan Perpustakaan Awam Johor 
999 |a 0001009529   |b Book   |c Adult Collection   |e Perbadanan Perpustakaan Awam Johor 
999 |a 0001009530   |b Book   |c Adult Collection   |e Cawangan Bandar Penawar